| 000 | 02399cam a22002054a 4500 | ||
|---|---|---|---|
| 005 | 20250605164023.0 | ||
| 008 | 250528s ||||||||||||||||||||||||d | ||
| 035 | _a16431 | ||
| 020 | _a9602355433 | ||
| 040 |
_aGR-AtMCL _bgre _dGR-AtMCL _eAACR2 |
||
| 245 | 1 | _aΟι Εφημερίδες 1974-92 / Η Αθέατη Όψη μια Κρίσιμης Πορείας | |
| 260 |
_bΓνώση, _c1993 |
||
| 300 | _a272 | ||
| 520 | _aΠρόλογος, Η Κυκλοφορία των Αθηναϊκών Εφημερίδων 1974-92, Εξέλιξη της Κυκλοφορίας - Σύνδεση με τα Γεγονότα, Οι Επιμέρους Κυκλοφορίες, Εξέλιξη σε Αθήνα-Επαρχία, Πρωϊνές-Απογευματινές, Η Κυριακάτική Έκδοση, Οι Εφημερίδες μια προς μια, Εφημερίδες που Κυκλοφορούν πάνω από μια Επταετία, Απογευματινή, Η Αυγή, Αυριανή, Έθνος, Ελέυθερη Ώρα, Ελεύθερος Τύπος, Ελευθεροτυπία, Εστία, Η Καθημερινή, Μεσηβρινή, Τα Νέα, Ριζοσπάστης, Εφημερίδες που Κυκλοφόρησαν την Τελευταία Επταετία, Ελεύθερος, Ο Λόγος, Νίκη, Εφημερίδες που Διέκοψαν την Έκδοση τους, Ακρόπολις, Το Βήμα, Η Βραδυνή, 24 Ώρες, Επικαιρότητα, Η Πρώτη, Άλλες Εκδόσεις, Γενικά Στοιχεία, Ιδιοκτησιακό Καθεστώς, Το Αναγνωστικό Κοινό, Επιρροή του Τύπου, Εφημερίδες και Ραδιοτηλεοπτικά Μέσα, Το Σχήμα των Εφημερίδων, Τεχνολογική Εξέλιξη, Οικονομικά Χαρακτηριστικά, Παρελθόν και Παρόν και Μέλλον του Αθηναϊκού Τύπου, Εξέλιξη της Κυκλοφορίας 1954-92, Αιτίες της Πτώσεως, Άλλοι Παράγοντες, Διεθνείς Εξελίξεις, Συμπεράσματα, Παράρτημα, Βιβλιογραφικά Βοηθήματα. | ||
| 700 | 1 |
_aΖαούσης Αλέξης _92519 |
|
| 700 | 1 |
_aΣτράτος Κωνσταντίνος _92520 |
|
| 942 | _cBK | ||
| 999 |
_c1931 _d1931 |
||